| 000 | 01541cas a2200409 a 4500 | ||
|---|---|---|---|
| 001 | 0000000144 | ||
| 005 | 20170406112418.0 | ||
| 008 | 990216d19982006ja sr s1 a0eng d | ||
| 010 | _asn 99047176 | ||
| 022 | _a1344-3437 | ||
| 035 | _a(OCoLC)40804328 | ||
| 035 | _a.b55035073 | ||
| 040 |
_aCUS _cCUS _dWAU _dHUL _dSYS _dUtOrBLW |
||
| 042 | _ad=CONSER full authority application | ||
| 043 |
_ar------ _at------ |
||
| 049 | _aOSUU | ||
| 050 | 0 | 0 |
_aQC994.75 _b.S945a |
| 090 |
_aQC994.75 _b.N56 |
||
| 111 | 2 | _aSymposium on Polar Meteorology and Glaciology. | |
| 245 | 1 | 0 | _aPolar meteorology and glaciology. |
| 260 |
_aTokyo : _bNational Institute of Polar Research, _cc1998-. |
||
| 300 |
_av. : _bill. ; _c26 cm. |
||
| 310 | _aAnnual. | ||
| 362 | 0 | _aNo. 12 (Nov. 1998)-No.20 (Nov.2006) | |
| 500 | _aTitle from cover. | ||
| 500 | _aPapers presented at the 20th- symposium, 1997-. | ||
| 650 | 0 |
_aMeteorology _zPolar regions _vCongresses. |
|
| 650 | 0 |
_aGlaciology _zPolar regions _vCongresses. |
|
| 710 | 2 | _aKokuritsu Kyokuchi Kenkyujo. | |
| 780 | 0 | 0 |
_tProceedings of the NIPR Symposium on Polar Meteorology and Glaciology _x0914-2037 _w(DLC) 88650059 _w(OCoLC)18032159. |
| 908 | _a130119 | ||
| 910 | _agc080606 LABELING:NO | ||
| 910 | _aMARS | ||
| 913 | _aN | ||
| 930 |
_ac3154653 _cgeo _eQC994.75N56 _fno.11(1997)-no.20(2006) _sN |
||
| 989 | 7 | _apolar_meteorology_and_glaciology_________________________________1998_______naa_______________________________ | |
| 999 |
_c122 _d122 |
||